<?xml version="1.0" encoding="UTF-8"?>
<record
    xmlns:xsi="http://www.w3.org/2001/XMLSchema-instance"
    xsi:schemaLocation="http://www.loc.gov/MARC21/slim http://www.loc.gov/standards/marcxml/schema/MARC21slim.xsd"
    xmlns="http://www.loc.gov/MARC21/slim">

  <leader>02157nam a2200289 a 4500</leader>
  <controlfield tag="001">000048453</controlfield>
  <controlfield tag="003">Ost</controlfield>
  <controlfield tag="005">20240418073801.0</controlfield>
  <controlfield tag="008">190321s2006    dr ac   r     000 0 spa d</controlfield>
  <datafield tag="020" ind1=" " ind2=" ">
    <subfield code="z">9789993475084</subfield>
  </datafield>
  <datafield tag="040" ind1=" " ind2=" ">
    <subfield code="a">DO-SdBNP</subfield>
    <subfield code="b">spa</subfield>
    <subfield code="c">BNPHU</subfield>
  </datafield>
  <datafield tag="082" ind1=" " ind2=" ">
    <subfield code="a">RD863.4408</subfield>
    <subfield code="b">F216T, 2006</subfield>
  </datafield>
  <datafield tag="245" ind1="0" ind2="3">
    <subfield code="a">El fantasma de Trujillo :</subfield>
    <subfield code="b">antolog&#xED;a de cuentos sobre el tirano y su Era /</subfield>
    <subfield code="c">compilador Miguel Collado.</subfield>
  </datafield>
  <datafield tag="250" ind1=" " ind2=" ">
    <subfield code="a">2a ed.</subfield>
  </datafield>
  <datafield tag="260" ind1=" " ind2=" ">
    <subfield code="a">Santo Domingo :</subfield>
    <subfield code="b">CEDIBIL,</subfield>
    <subfield code="c">2006.</subfield>
  </datafield>
  <datafield tag="300" ind1=" " ind2=" ">
    <subfield code="a">254 p. :</subfield>
    <subfield code="b">il., retrs. ;</subfield>
    <subfield code="c">22 cm.</subfield>
  </datafield>
  <datafield tag="500" ind1=" " ind2=" ">
    <subfield code="a">Incluye referencias bibliogr&#xE1;ficas y notas al pie de las p&#xE1;ginas</subfield>
  </datafield>
  <datafield tag="505" ind1="0" ind2=" ">
    <subfield code="g">Prefacio --</subfield>
    <subfield code="t">Piloncito /</subfield>
    <subfield code="r">Juan Bosch (1909-2001) --</subfield>
    <subfield code="t">Rebeldes /</subfield>
    <subfield code="r">Hilma Contreras (1913-) --</subfield>
    <subfield code="t">El coronel Buenrostro /</subfield>
    <subfield code="r">Marcio Veloz Maggiolo (1936-) --</subfield>
    <subfield code="t">Arqu&#xED;medes y el jefe /</subfield>
    <subfield code="r">Armando Alm&#xE1;nzar Rodr&#xED;guez (1935-) --</subfield>
    <subfield code="t">En el barrio no hay banderas /</subfield>
    <subfield code="r">Ren&#xE9; del Risco Berm&#xFA;dez (1937-1972) --</subfield>
    <subfield code="t">&#xA1;No ombe no, qu&#xE9; va! /</subfield>
    <subfield code="r">Rub&#xE9;n Echavarr&#xED;a (1939-) --</subfield>
    <subfield code="t">Relincho de amor al atadecer /</subfield>
    <subfield code="r">Efraim Castillo (1940-) --</subfield>
    <subfield code="t">Los restos de Gal&#xED;ndez /</subfield>
    <subfield code="r">Viriato Senci&#xF3;n (1941-) --</subfield>
    <subfield code="t">Es absurdo morir otra vez... y para siempre /</subfield>
    <subfield code="r">Di&#xF3;genes Valdez (1941-) --</subfield>
    <subfield code="t">Los trajes blancos han vuelto /</subfield>
    <subfield code="r">Miguel Alfonseca (1942-1994) --</subfield>
    <subfield code="t">Callej&#xF3;n sin salida /</subfield>
    <subfield code="r">Jose Alc&#xE1;ntara Alm&#xE1;nzar (1946-) --</subfield>
    <subfield code="t">V&#xED;ctor /</subfield>
    <subfield code="r">Lipe Collado (1947-) --</subfield>
    <subfield code="t">Monstruos de acero y de cristal en el espectacular viaje de un desaparecido /</subfield>
    <subfield code="r">Roberto Marcall&#xE9; Abreu (1948-) --</subfield>
    <subfield code="t">Los demonios del &#xE1;ngel /</subfield>
    <subfield code="r">Arturo Rodr&#xED;guez Fern&#xE1;ndez (1948-) --</subfield>
    <subfield code="t">Pesadilla del amanuense /</subfield>
    <subfield code="r">Jos&#xE9; Enrique Garc&#xED;a (1948-) --</subfield>
    <subfield code="t">Pormenores de una servidumbre /</subfield>
    <subfield code="r">Pedro Peix (1952-) --</subfield>
    <subfield code="t">Temporal de sombras /</subfield>
    <subfield code="r">&#xC1;ngela Hern&#xE1;ndez N&#xFA;&#xF1;ez (1956-) --</subfield>
    <subfield code="t">Las mu&#xF1;ecas contadas /</subfield>
    <subfield code="r">Rafael Garc&#xED;a Romero (1957-)</subfield>
  </datafield>
  <datafield tag="590" ind1=" " ind2=" ">
    <subfield code="a">Inventariado, 2019/BT</subfield>
  </datafield>
  <datafield tag="600" ind1="1" ind2="0">
    <subfield code="a">Trujillo Molina, Rafael Le&#xF3;nidas,</subfield>
    <subfield code="d"> 1891-1961</subfield>
    <subfield code="9">76764</subfield>
  </datafield>
  <datafield tag="650" ind1="1" ind2="4">
    <subfield code="a">Cuentos dominicanos</subfield>
    <subfield code="x">Colecciones</subfield>
    <subfield code="9">503</subfield>
  </datafield>
  <datafield tag="650" ind1="1" ind2="0">
    <subfield code="a">Literatura dominicana.</subfield>
    <subfield code="9">67</subfield>
  </datafield>
  <datafield tag="700" ind1="1" ind2=" ">
    <subfield code="a">Collado, Miguel A.,</subfield>
    <subfield code="d">1954-</subfield>
    <subfield code="e">comp.</subfield>
    <subfield code="9">24696</subfield>
  </datafield>
  <datafield tag="700" ind1="1" ind2="2">
    <subfield code="a">Centro Dominicano de Inventigaciones Bibliogr&#xE1;ficas</subfield>
    <subfield code="9">75870</subfield>
  </datafield>
  <datafield tag="910" ind1=" " ind2=" ">
    <subfield code="a">Validado. Control de calidad. MFF</subfield>
  </datafield>
  <datafield tag="942" ind1=" " ind2=" ">
    <subfield code="2">ddc</subfield>
    <subfield code="c">LBS1</subfield>
  </datafield>
  <datafield tag="952" ind1=" " ind2=" ">
    <subfield code="0">0</subfield>
    <subfield code="1">0</subfield>
    <subfield code="7">1</subfield>
    <subfield code="8">PD</subfield>
    <subfield code="a">PD</subfield>
    <subfield code="b">PD</subfield>
    <subfield code="c">HD</subfield>
    <subfield code="d">2019-03-21</subfield>
    <subfield code="i">LF1</subfield>
    <subfield code="l">0</subfield>
    <subfield code="o">RD863.4408 F216T, 2006</subfield>
    <subfield code="p">48453-10</subfield>
    <subfield code="r">2020-06-25</subfield>
    <subfield code="w">2020-06-25</subfield>
    <subfield code="y">LFPD</subfield>
    <subfield code="Z">No se presta</subfield>
  </datafield>
  <datafield tag="999" ind1=" " ind2=" ">
    <subfield code="c">47941</subfield>
    <subfield code="d">47941</subfield>
  </datafield>
</record>
